000
00305nam a22001217a 4500
020
_a
0 7201 0453 X
082
_a
025.2 ACQ
245
_a
Acquisitions from the third world
260
_a
London
_b
Mansell
_c
1975
300
_a
vii,276p.
_b
ill.;24cm
650
_a
Acquisitions from the third world
942
_c
BK
999
_c
19109
_d
19109